1183 1217 1115 1388 1347 1530 1154 1737 1350 1826 1895 1554 1379 1561 1399 1338 1170 1717 1732 1540 2000 1640 1388 1931 1142 1001 1571 1045 1438 1849 1154 1420 1743 1610 1242 1554 1220 1396 1570 1346 1081 1748 1903 1602 1400 1178 1639 1879 1736 1857 1639 1219 1604 1467 1941 1886 1160 1675 1426 1404 1728 1381 1181 1748 1749 1895 1015 1247 1729 1793 1527 1693 1311 1751 1645 1565 1738 1740 1206 1837 1092 1343 1845 1727 1304 1244 1198 1518 1305 1248 1423 1322 1760 1080 1550 1921 1648 1749 1854 BCNSPRNW ULIB Ver.6.0+V

เปลี่ยนเป็นภาษาไทย

Change to English
 แสดงรายละเอียดบรรณานุกรม
  กลับหน้าหลัก

Brief Record : Get Marc (ISO 2709) : E-mail record : QR code < ปิดหน้าต่าง
LEADER : 00000nam 2200000uu 4500
001    13399111708
003     ULIB
008    110701s2546||||th 000 0 tha d
020    97897491739
050  4 PE1131^bป312บ ล.2 2546
100 1  ประพิศ พงศ์พานิช
245 10 บทสนทนาภาษาอังกฤษสำหรับบุคลากรทางการแพทย์ เล่ม 2 =^bEnglish for the medical profession in patients /^cประพิศ พงศ์พานิช
246 31 English for the medical profession in patients
250    พิมพ์ครั้งที่ 1
260    กรุงเทพฯ :^bบริษัท เจ้าพระยาระบบการพิมพ์ จำกัด,^c2546
300    139 หน้า
650  7 ภาษาอังกฤษ^xการใช้ภาษา
650  7 ภาษาอังกฤษ^xบทสนทนา
650  7 ฝึกพูด^xภาษาอังกฤษ
945    ^p0^l0^i017821
995    ทศพร
999 ^a ใช้งานได้ทุกระบบ
รายการนี้ยังไม่มีแท็ก
คุณยังไม่ได้ล็อกอิน คุณสามารถมีกิจกรรมร่วมกับเว็บไซต์ได้ แต่ต้องล็อกอินก่อน ::
  ล็อกอิน

รายการสื่อสารสนเทศ

ลำดับที่ ประเภท เลขเรียก/บาร์โค้ด สถานที่ สถานะ
- ไม่พบข้อมูล -

รายการใกล้เคียง
    ผู้แต่ง [ประพิศ พงศ์พานิช]

    หัวเรื่อง [ภาษาอังกฤษ การใช้ภาษา]

BibComment


ยังไม่เคยถูกคอมเมนท์

คอมเมนท์ทรัพยากรรายการนี้
  คอมเมนท์: บทสนทนาภาษาอังกฤษ..


 Copyright 2026. Bcnsprnw @Library